| 000 | 00349 a2200157 4500 | ||
|---|---|---|---|
| 001 | 47537 | ||
| 020 | _a9788506086254 | ||
| 040 | _cAnchieta - Aquarius | ||
| 100 | _aAlbon, Lucie | ||
| 240 | 1 | 0 |
_aLili está na hora! _lpor |
| 245 | 1 | 0 | _aLili está na hora! |
| 300 | _a31p. | ||
| 362 | 0 | _a2019 | |
| 650 | 4 | _aLiteratura infanto-juvenil | |
| 942 | _cBK | ||
| 999 |
_c47537 _d47537 |
||